Biggest Cities in Aguascalientes - Statistics

General Stats
  • This quiz has been taken 26 times
  • The average score is 5 of 20
Answer Stats
Population City % Correct
863,893 Aguascalientes
100%
63,805 Jesús María
53%
21,049 Calvillo
47%
31,963 Rincón de Romos
40%
5,248 Asientos
33%
5,870 Cosío
33%
7,318 Ojocaliente
33%
32,035 Pabellón de Arteaga
33%
5,607 San José de Gracia
33%
5,225 Tepezalá
33%
18,799 San Francisco de los Romo
20%
6,307 Palo Alto
13%
8,494 Pocitos
13%
5,204 Villa Licenciado Jesús Terán
13%
12,646 Jesús Gómez Portugal
7%
4,630 Pabellón de Hidalgo
7%
5,191 Paseos de Aguascalientes
7%
5,976 Villa Juárez
7%
12,162 Fraccionamiento la Ribera
0%
5,543 Rancho San Carlos
0%
No matching quizzes found
Score Distribution
Percent of People with Each Score
Percentile by Number Answered
Your Score History
You have not taken this quiz